000 00467nam a22001697a 4500
003 URS
005 20220114171701.0
008 170328b xxu||||| |||| 00| 0 eng d
020 _a0256139008
050 _aTS155
_bS7824 1996
100 _aStevenson, William J.
_4author
245 _aProduction / operations management
_cWilliam J. Stevenson
250 _aFifth Edition
260 _aChicago:
_bIrwin,
_c1996
300 _axii, 897 pages;
_c26 cm.
942 _cFR
_2lcc
999 _c14485
_d14485